000 00486nam a2200193Ia 4500
008 170918s9999 xx 000 0 und d
020 _a9780330415545
050 _bR328 2003
100 _aRees, Gwyneth
245 _aFairy dust /
245 _cGwyneth Rees ; illustrated by Annabel Hudson.
260 _aLondon :
260 _bMacmillan Children's books,
260 _c2003
300 _a143 pages :
300 _bcolored illustration ;
300 _c20cm.
500 _a660
999 _c341810
_d341810